LEADER 01347nas 2200433- 450 001 9910231250403321 005 20210918213024.0 011 $a2564-6567 035 $a(OCoLC)1047630151 035 $a(CKB)4100000000986559 035 $a(CONSER)--2019223455 035 $a(EXLCZ)994100000000986559 100 $a20180202a20169999 |-- - 101 0 $aeng 135 $aur||||||||||| 181 $ctxt$2rdacontent 182 $cc$2rdamedia 183 $acr$2rdacarrier 200 00$aArchives of clinical and experimental medicine 210 1$a?stanbul, Turkey :$cMustafa Hasbahçeci,$d2016- 215 $a1 online resource 300 $aRefereed/Peer-reviewed 517 1 $aACEM 531 0 $aArch. clin. exp. med. 606 $aClinical medicine$vPeriodicals 606 $aMedicine, Experimental$vPeriodicals 606 $aClinical medicine$2fast$3(OCoLC)fst00864361 606 $aMedicine, Experimental$2fast$3(OCoLC)fst01015244 608 $aPeriodicals.$2fast 608 $aElectronic journals. 615 0$aClinical medicine 615 0$aMedicine, Experimental 615 7$aClinical medicine. 615 7$aMedicine, Experimental. 702 $aHasbahçeci$b Mustafa 906 $aJOURNAL 912 $a9910231250403321 996 $aArchives of clinical and experimental medicine$92579385 997 $aUNINA LEADER 01595oam 2200493 450 001 9910717304303321 005 20210908115156.0 035 $a(CKB)4950000000108318 035 $a(OCoLC)942061251 035 $a(EXLCZ)994950000000108318 100 $a20101011d1977 ua 0 101 0 $aeng 135 $aurbn||||||||| 181 $ctxt$2rdacontent 182 $cc$2rdamedia 183 $acr$2rdacarrier 200 14$aThe CBO multipliers project $ea methodology for analyzing the effects of alternative economic policies 210 1$aWashington, D.C. :$cThe Congress of the United States, Congressional Budget Office,$d1977. 215 $a1 online resource (x, 27 pages) $cillustrations 225 1 $aA CBO technical analysis paper 300 $a"August 1977"--Cover. 517 3 $aCongressional Budget Office multipliers project 606 $aFiscal policy$zUnited States$xMathematical models 606 $aEconomic policy$2fast 606 $aFiscal policy$xMathematical models$2fast 607 $aUnited States$xEconomic policy$y1971-1981 607 $aUnited States$2fast 615 0$aFiscal policy$xMathematical models. 615 7$aEconomic policy. 615 7$aFiscal policy$xMathematical models. 702 $aPlantes$b Mary Kay 702 $aDe Leeuw$b Frank$f1930- 801 0$bCDS 801 1$bCDS 801 2$bOCLCO 801 2$bOCLCF 801 2$bOCLCO 801 2$bOCLCQ 801 2$bOCLCO 801 2$bGPO 906 $aBOOK 912 $a9910717304303321 996 $aThe CBO multipliers project$93521435 997 $aUNINA LEADER 03215nam 2200637Ia 450 001 9910778731603321 005 20230315224643.0 010 $a0-8173-8346-8 010 $a0-585-19786-5 035 $a(CKB)111000211311262 035 $a(EBL)835699 035 $a(OCoLC)772845441 035 $a(SSID)ssj0000164919 035 $a(PQKBManifestationID)11161849 035 $a(PQKBTitleCode)TC0000164919 035 $a(PQKBWorkID)10125492 035 $a(PQKB)10867840 035 $a(OCoLC)44956098 035 $a(MdBmJHUP)muse9123 035 $a(Au-PeEL)EBL835699 035 $a(CaPaEBR)ebr10387628 035 $a(MiAaPQ)EBC835699 035 $a(EXLCZ)99111000211311262 100 $a19930219d1993 uy 0 101 0 $aeng 135 $aur|n|---||||| 181 $ctxt$2rdacontent 182 $cc$2rdamedia 183 $acr$2rdacarrier 200 12$aA grammar and dictionary of the Timucua language /$fJulian Granberry 205 $aThird edition. 210 1$aTuscaloosa :$cUniversity of Alabama Press,$d1993. 210 4$aİ1993 215 $a1 online resource (xxvi, 292 pages) $cillustrations, maps 300 $aDescription based upon print version of record. 311 0 $a0-8173-0704-4 320 $aIncludes bibliographical references. 327 $aCONTENTS; TABLES & FIGURES; PREFACE; USER'S GUIDE; 1. THE TIMUCUA LANGUAGE; Location & Brief History; Dialects; Archaeological Correlates; Linguistic Components of Timucua & Their Origins; Interpretation of the Data; 2. TIMUCUA GRAMMAR; Orthography & Phonology; Phonological Processes; Morphemic Classes; Morphotactics; Pronouns; Nouns; Morphemic Verbs; Periphrastic Verbs; Particles; Morphemic Transformations; Syntax; 3. TIMUCUA-ENGLISH DICTIONARY; 4. ENGLISH-TIMUCUA INDEX; 5. INDEX OF AFFIXES & AFFIX COMBINATIONS; Prefixes; Prefix Combinations; Suffixes; Frequent Suffix Combinations; Enclitics 327 $a6. FORMS CITED FROM OTHER LANGUAGES General Alphabetical Listing; Alphabetical Listing by Language; BIBLIOGRAPHY 330 $aTaken from the surviving contemporary documentary sources, Julian Granberry's volume describes the grammar and lexicon for the extinct 17th-century Timucua language of Central and North Florida and traces the origins of the 17th-century Timucua speakers and their language. Originally privately published in 1987, with limited circulation, this is the only available publication on the Timucuan language. It provides full grammatical analysis and complete lexical data, and it synthesizes both linguistic and archaeological data in order to provide a coherent picture of the Timucua peoples. 606 $aTimucua language$vDictionaries$xEnglish 606 $aEnglish language$vDictionaries$xTimucua 606 $aTimucua language$xGrammar 615 0$aTimucua language$xEnglish. 615 0$aEnglish language$xTimucua. 615 0$aTimucua language$xGrammar. 676 $a497.5 676 $a497/.5 700 $aGranberry$b Julian$01490348 801 0$bMiAaPQ 801 1$bMiAaPQ 801 2$bMiAaPQ 906 $aBOOK 912 $a9910778731603321 996 $aA grammar and dictionary of the Timucua language$93712252 997 $aUNINA LEADER 01542nas 22004452a 450 001 996297342503316 005 20240413012534.0 035 $a(CKB)991042754057126 035 $a(CONSER)sn-98000936- 035 $a(EXLCZ)99991042754057126 100 $a19980706a19989999 --- - 101 0 $aeng 181 $ctxt$2rdacontent 182 $cc$2rdamedia 183 $acr$2rdacarrier 200 00$aCountry review$iRwanda 210 $aHouston, TX $cCommercial Data International 215 $a1 online resource 311 08$aPrint version: Country review. 1520-1228 (DLC)sn 98000936 (OCoLC)39394457 517 3 $aRwanda 606 $aEcology$2fast$3(OCoLC)fst00901476 606 $aEconomic history$2fast$3(OCoLC)fst00901974 606 $aPolitics and government$2fast$3(OCoLC)fst01919741 606 $aSocial conditions$2fast$3(OCoLC)fst01919811 607 $aRwanda$xEconomic conditions$y1994-$vPeriodicals 607 $aRwanda$xEnvironmental conditions$vPeriodicals 607 $aRwanda$xPolitics and government$y1994-$vPeriodicals 607 $aRwanda$xSocial conditions$vPeriodicals 607 $aRwanda$2fast$1https://id.oclc.org/worldcat/entity/E39PBJdgVmVrPYvMBJRRWKFYfq 608 $aPeriodicals.$2fast 608 $aPeriodicals.$2lcgft 615 7$aEcology. 615 7$aEconomic history. 615 7$aPolitics and government. 615 7$aSocial conditions. 906 $aJOURNAL 912 $a996297342503316 920 $aexl_impl conversion 996 $aCountry review$92425273 997 $aUNISA